Sports Quiz

Random Sports Quiz

Top 20 premier league asisters (all time) Quiz Stats

 Plays Quiz not verified by Sporcle

Score 0/20 Timer 15:00
0 Plays Today
Club Player % Correct
Manchester UnitedRyan Giggs
98.6%
LiverpoolSteven Gerrard
97.2%
West Ham, Chelsea, Manchester CityFrank Lampard
97.2%
Everton, Manchester UnitedWayne Rooney
95.8%
Arsenal, ChelseaFrancesc Fabregas
90.3%
ArsenalThierry Henry
75%
Aston Villa, Manchester City, EvertonGareth Barry
75%
Manchester CityDavid Silva
75%
Watford, Aston Villa, Manchester UnitedAshley Young
72.2%
Leeds, Newcastle, Aston Villa, Manchester City, LiverpoolJames Milner
70.8%
Club Player % Correct
ChelseaDidier Drogba
70.8%
Tottenham, Aston Villa, Southampton, Liverpool, Portsmouth, Tottenham, Stoke CityPeter Crouch
66.7%
Leeds, Tottenham, EvertonAaron Lennon
65.3%
Middlesbrough, Sunderland, Aston Villa, Liverpool, West HamStewart Downing
61.1%
Manchester UnitedNani
50%
Blackburn, Chelsea, Newcastle, FulhamDamien Duff
43.1%
ArsenalDennis Bergkamp
41.7%
Newcastle, Aston Villa, Newcastle, West Ham, Nolberto Solano
34.7%
Liverpool, Charlton, Tottenham, FulhamDanny Murphy
27.8%
Arsenal, Manchester UnitedRobin Van Persie
15.3%

You're not logged in!

Compare scores with friends on all Sporcle quizzes.
OR
Log In

Show Comments

Extras

Created Aug 11, 2014ReportNominate
Tags:assist, club, league, player, premier, sister

Top Quizzes Today


Score Distribution

Your Account Isn't Verified!

In order to create a playlist on Sporcle, you need to verify the email address you used during registration. Go to your Sporcle Settings to finish the process.

Report this User

Report this user for behavior that violates our Community Guidelines.

Details: